| 000 | 00490nam a22001577a 4500 | ||
|---|---|---|---|
| 003 | DO-SdBNP | ||
| 005 | 20171128102209.0 | ||
| 008 | 171128b xxu||||| |||| 00| 0 spa d | ||
| 040 |
_aBPMSU _bspa _cBPMSU |
||
| 245 |
_aNuestro legado _buna breve historia de la iglesia de jesucristo de los Santos de los ultimos días |
||
| 260 |
_aNew York _bGlen Hopkinson _c1996 |
||
| 300 |
_a152 p _c22 cm |
||
| 942 |
_2ddc _cBK |
||
| 945 | _ainventariado extranjero / 2017 DG | ||
| 956 |
_adgarcia _b28/11/17 |
||
| 999 |
_c13153 _d13153 |
||